Manual of soil fungi. (Record no. 21022)

MARC details
000 -LEADER
fixed length control field 00330nam a2200133Ia 4500
082 ## - DEWEY DECIMAL CLASSIFICATION NUMBER
Classification number 582.28:630*114
Item number GIL
100 ## - MAIN ENTRY--AUTHOR NAME
Personal name GILMAN, Joseph C
245 #0 - TITLE STATEMENT
Title Manual of soil fungi.
250 ## - EDITION STATEMENT
Edition statement Ed.2
260 ## - PUBLICATION, DISTRIBUTION, ETC. (IMPRINT)
Place of publication USA
Name of publisher Iowa Sate University
Year of publication 1957
650 ## - SUBJECT ADDED ENTRY--TOPICAL TERM
Topical Term Soil fungi
942 ## - ADDED ENTRY ELEMENTS (KOHA)
Koha item type Books
Holdings
Withdrawn status Lost status Damaged status Not for loan Home library Current library Date acquired Full call number Accession Number Koha item type
        RRII Library RRII Library 16/12/2021 582.28:630*114 GIL 01744 Books